Statistics for Countries Losing Most Matches In FIFA World Cup

Click here to take the quiz!

General Stats

  • This quiz has been taken 52 times
  • The average score is 11 of 13

Answer Stats

Matches lostAnswer% Correct
27Mexico
92%
18Brazil
88%
19France
88%
17Italy
88%
23Argentina
86%
19England
86%
18Spain
86%
19USA
86%
19Sweden
84%
20Uruguay
84%
19Belgium
74%
17Switzerland
62%
19South Korea
60%

Score Distribution

Percentile by Number Answered

Percent of People with Each Score

Your Score History

You have not taken this quiz